000
00238nmm a2200085Ia 4500
008
220120s9999||||xx |||||||||||||||||und||
100
_a
Digit October
245
0
_a
Open source, 111 free apps, 21 free games, stellarium , Linu
260
_c
2008
999
_c
139214
_d
139214